Remarkable trees of the world
| Main Author: | |
|---|---|
| Format: | Book |
| Published: |
New York :
Norton ,
2002
|
| Subjects: |
MARC
| LEADER | 00000cam a2200000 7i4500 | ||
|---|---|---|---|
| 001 | 0000002308 | ||
| 005 | 20030524.0 | ||
| 020 | 0 | 0 | |a 0393049116 |
| 090 | 0 | 0 | |a R582.16 |b PEC 2002 |
| 100 | 1 | 0 | |a PAKENHAM |h Thomas , |d 1933- |
| 245 | 1 | 0 | |a Remarkable trees of the world |c Thomas Pakenham |
| 260 | 0 | 0 | |a New York : |b Norton , |c 2002 |
| 300 | |a p. : |b col. ill. ; |c 30 cm. | ||
| 500 | 0 | 0 | |a Includes bibliographical references (p. 188 ) and index |
| 650 | 0 | 0 | |a Trees |
| 650 | 0 | 0 | |a Trees |x Pictorial works |
| 998 | |a JPSM | ||
| 999 | |a 0000004161 |b Monograph |c Reference |e Default branch | ||